Annual research report the civil engineering laboratries for 1964-1967 (Record no. 66187)
[ view plain ]
| 000 -LEADER | |
|---|---|
| fixed length control field | 00326nam a22000977a 4500 |
| 008 - FIXED-LENGTH DATA ELEMENTS--GENERAL INFORMATION | |
| fixed length control field | 230620b |||||||| |||| 00| 0 eng d |
| 040 ## - CATALOGING SOURCE | |
| Original cataloging agency | National Science Library |
| Transcribing agency | National Science Library |
| 245 ## - TITLE STATEMENT | |
| Title | Annual research report the civil engineering laboratries for 1964-1967 |
| 260 ## - PUBLICATION, DISTRIBUTION, ETC. | |
| Name of publisher, distributor, etc. | University of roorkee |
| Date of publication, distribution, etc. | 1965 |
| 942 ## - ADDED ENTRY ELEMENTS (KOHA) | |
| Koha item type | Reports |
| Withdrawn status | Lost status | Materials specified (bound volume or other part) | Damaged status | Not for loan | Home library | Current library | Shelving location | Date acquired | Total Checkouts | Barcode | Date last seen | Price effective from | Koha item type |
|---|---|---|---|---|---|---|---|---|---|---|---|---|---|
| `1964-1967 | National Science Library | National Science Library | FF/Rk-23/C-2/R-5 | 03/09/2024 | 42867 | 03/09/2024 | 03/09/2024 | Reports |